000 00222 a2200109 4500
020 _a9780060283766
041 _aeng
100 _aMargaret Wise Brown
245 _aTwo Little Trains
942 _cBK
952 _71
_xInfantil
999 _c25816
_d25816